Insurance : (Record no. 1272)

000 -LEADER
fixed length control field 00747nam a2200253 a 4500
003 - CONTROL NUMBER IDENTIFIER
control field OSt
005 - DATE AND TIME OF LATEST TRANSACTION
control field 20210625055726.0
008 - FIXED-LENGTH DATA ELEMENTS--GENERAL INFORMATION
fixed length control field 830310s1984 ohua b 001 0 eng
020 ## - INTERNATIONAL STANDARD BOOK NUMBER
International Standard Book Number 0538062002
040 ## - CATALOGING SOURCE
Transcribing agency DLC
050 00 - LIBRARY OF CONGRESS CALL NUMBER
Classification number HG8051
-- .W53 1984
082 00 - DEWEY DECIMAL CLASSIFICATION NUMBER
-- 368
100 1# - MAIN ENTRY--PERSONAL NAME
Personal name Williams, Numan A.
245 10 - TITLE STATEMENT
Title Insurance :
Remainder of title an introduction to personal risk management /
Statement of responsibility, etc. Numan A. Williams.
260 ## - PUBLICATION, DISTRIBUTION, ETC.
Place of publication, distribution, etc. Cincinnati :
Name of publisher, distributor, etc. South-Western Pub. Co.,
Date of publication, distribution, etc. c1984.
300 ## - PHYSICAL DESCRIPTION
Extent x, 310 p. :
Other physical details ill. (some col.) ;
Dimensions 24 cm.
500 ## - GENERAL NOTE
General note Includes index.
504 ## - BIBLIOGRAPHY, ETC. NOTE
Bibliography, etc. note Bibliography: p. 299-302.
650 #0 - SUBJECT ADDED ENTRY--TOPICAL TERM
Topical term or geographic name entry element Insurance.
906 ## - LOCAL DATA ELEMENT F, LDF (RLIN)
a 7
b cbc
c orignew
d 3
e opcn
f 19
g y-gencatlg
942 ## - ADDED ENTRY ELEMENTS (KOHA)
Source of classification or shelving scheme
Koha item type Book
Suppress in OPAC MM
Holdings
Withdrawn status Lost status Source of classification or shelving scheme Damaged status Not for loan Permanent Location Current Location Shelving location Date acquired Total Checkouts Full call number Barcode Date last seen Date last checked out Price effective from Koha item type Public note
          AU LIBRARY AU LIBRARY Open Shelf 25.06.2021 1 HG8051 1984 28001217 21.01.2022 14.01.2022 25.06.2021 Book MM

Powered by Koha